00760nam a22002177a 450000500170000001000150001702000260003203500140005803700090007208200100008124500850009125000060017626000470018227000590022930000200028870000170030870000190032594200240034499900190036895201550038720260521151206.0 aENG-148554 a9788175102453c600.00 aEN-132086 bDBAD a303.6 aBridging Social Divides in India and beyond/cEdited by Arjun Bhardwaj...[et.al] a1 aNew DelhibReliance Publishing Housec2005 a6/1 South Patel nagarbNew Delhie110008k011-25708428 a157p.c23cm(hb) aChopra, P.N. aChopra, Prabha 2ddccENh303.6mBRI c216340d216340 001040708NFICaTNbTNd2026-05-21eDelivery of Books Act Divisiong600.00l0o303.6 BRIpEN-132086r2026-05-21 15:12:35t 1v600.00w2026-05-21yEN